| 000 -LEADER |
| fixed length control field |
00518nam a22001697a 4500 |
| 008 - FIXED-LENGTH DATA ELEMENTS--GENERAL INFORMATION |
| fixed length control field |
150721b xxu||||| |||| 00| 0 ger d |
| 020 ## - INTERNATIONAL STANDARD BOOK NUMBER |
| International Standard Book Number |
3341002510 |
| 041 0# - LANGUAGE CODE |
| Language code of text/sound track or separate title |
ger |
| 080 ## - UNIVERSAL DECIMAL CLASSIFICATION NUMBER |
| Universal Decimal Classification number |
681.5 |
| 100 ## - Rafti |
| Rafti |
Schonfeld, Rolf, |
| 245 ## - TITLE STATEMENT |
| Title |
Grundlagen der automatischen Steuerung : |
| Statement of responsibility, etc |
Rolf Schonfeld. |
| 250 ## - |
| -- |
Botim i rishikuar 2 |
| 260 ## - |
| -- |
Berlin : |
| -- |
VEB Verlag Technik ; |
| -- |
1987. |
| 300 ## - |
| -- |
204 f.: |
| -- |
me il.; |
| -- |
25 cm. |
| 650 #0 - |
| -- |
Elektroteknika |
| 942 ## - ADDED ENTRY ELEMENTS (KOHA) |
| Source of classification or shelving scheme |
|
| Item type |
Books |